000 00982nam a22001937a 4500
003 OSt
005 20260302002934.0
008 260226b |||||||| |||| 00| 0 eng d
040 _aDWCL GS library
_cOC
082 _aFic. D621p 2008
100 _aDixon, Franklin W.
245 _athe hardy boys mystery stories 61
_b: the pentagon spy
260 _aNew York
_bGrosset & Dunlap
_cc1980
300 _a182
_billustrations
_c19cm
520 _aIn The Hardy Boys: The Pentagon Spy (#61), Frank and Joe investigate the theft of valuable Pennsylvania Dutch weather vanes, which leads them to a major espionage plot. They discover a missing Navy employee and stolen top-secret nuclear submarine plans. The brothers, often aided by friend Chet Morton, chase suspects from Pennsylvania to Washington, D.C., and Chesapeake Bay to stop foreign agents.
546 _aEnglish
700 _aFranklin W. Dixon
942 _2ddc
_cFIC.
_hFic. D621p 2008
_n0
999 _c8564
_d8564